[Event "Benasque op 42nd"]
[Site "Benasque"]
[Date "2023.07.07"]
[Round "4"]
[White "Antoli Royo, Joaquin Miguel"]
[Black "Cheng, Bobby Sky"]
[Result "0-1"]
[WhiteElo "2404"]
[BlackElo "2572"]
[PlyCount "84"]
[EventDate "2023.07.05"]
[EventType "swiss"]
[EventRounds "9"]
[EventCountry "ESP"]
[SourceTitle "EXT 2024"]
[Source "ChessBase"]
[SourceDate "2023.10.10"]
[SourceVersion "1"]
[SourceVersionDate "2023.10.10"]
[SourceQuality "1"]

1. e4 c5 2. Nf3 d6 3. c3 Nf6 4. Be2 g6 5. 0-0 Bg7 6. Bb5+ Nc6 7. d4 0-0 8. Re1 Qb6 9. Bxc6 Qxc6 10. d5 Qa6 11. h3 e6 12. dxe6 Bxe6 13. Bf4 Rad8 14. Qc1 Qc6 15. Bg5 Rde8 16. e5 dxe5 17. Nxe5 Qd5 18. c4 Qd6 19. Bf4 Qa6 20. Na3 Nd7 21. Nb5 Qb6 22. Nc3 Nxe5 23. Bxe5 Bxe5 24. Rxe5 Bxc4 25. Na4 Qb4 26. Rxe8 Rxe8 27. b3 Bd5 28. Qxc5 Qxc5 29. Nxc5 Re2 30. Nd3 Rd2 31. Ne1 Kg7 32. Nf3 Rb2 33. Ne5 h5 34. Nd3 Rd2 35. Nb4 Be4 36. Re1 Bf5 37. Re5 Rd4 38. a3 Be6 39. Rb5 b6 40. Kh2 Rd2 41. Re5 Rxf2 42. Nc6 Kf6 0-1

[Event "Aragon-chT Honor Titulo"]
[Site "Aragon"]
[Date "2023.03.25"]
[Round "9.3"]
[White "Quintin Navarro, Alberto"]
[Black "Antoli Royo, Joaquin Miguel"]
[Result "1/2-1/2"]
[WhiteElo "2373"]
[BlackElo "2404"]
[PlyCount "123"]
[EventDate "2023.03.18"]
[EventType "team-tourn"]
[EventRounds "10"]
[EventCountry "ESP"]
[SourceTitle "EXT 2024"]
[Source "ChessBase"]
[SourceDate "2023.10.10"]
[SourceVersion "1"]
[SourceVersionDate "2023.10.10"]
[SourceQuality "1"]
[WhiteTeam "Casablanca MyInvestor"]
[BlackTeam "Jaime Casas"]
[WhiteTeamCountry "ESP"]
[BlackTeamCountry "ESP"]

1. d4 Nf6 2. Nf3 d5 3. c4 c6 4. Nc3 dxc4 5. a4 g6 6. e4 Bg7 7. Bxc4 0-0 8. h3 a5 9. 0-0 Na6 10. Bf4 Nb4 11. Qd2 b6 12. Rfe1 Ba6 13. Bxa6 Rxa6 14. Bh6 Ra7 15. Bxg7 Kxg7 16. e5 Ng8 17. Rad1 Qc8 18. e6 f6 19. d5 Rd8 20. Qf4 Nxd5 21. Nxd5 Rxd5 22. Rxd5 cxd5 23. Nd4 Rc7 24. g4 Rc4 25. b3 Rc3 26. Kg2 Qc5 27. Rd1 Qc8 28. h4 Qc5 29. h5 Qc7 30. Qd2 Rc5 31. Re1 Qd6 32. Qe3 Nh6 33. hxg6 Qe5 34. Qd2 Qg5 35. Qxg5 fxg5 36. gxh7 Kxh7 37. f3 Kg6 38. Kg3 Ng8 39. Re2 Rc3 40. Rd2 Kf6 41. Nb5 Rc5 42. Re2 Kg6 43. Nd4 Rc3 44. Rd2 Nf6 45. Kf2 Ne8 46. Nf5 Kf6 47. Rxd5 Nc7 48. Rd7 Nxe6 49. Rxe7 Nd4 50. Rb7 Rc2+ 51. Ke3 Nxf5+ 52. Kd3 Rc6 53. gxf5 Ke5 54. Re7+ Kxf5 55. Rf7+ Ke5 56. Rf8 Rf6 57. Rxf6 Kxf6 58. Ke3 Ke5 59. Kd3 Kd5 60. Ke3 Kc5 61. Kd3 Kd5 62. Ke3 1/2-1/2

[Event "Aragon-chT Honor Titulo"]
[Site "Aragon"]
[Date "2021.06.05"]
[Round "10.3"]
[White "Antoli Royo, Joaquin Miguel"]
[Black "Quintin Navarro, Alberto"]
[Result "0-1"]
[WhiteElo "2423"]
[BlackElo "2394"]
[PlyCount "66"]
[EventDate "2021.05.15"]
[EventType "team-tourn"]
[EventRounds "10"]
[EventCountry "ESP"]
[SourceTitle "EXT 2024"]
[Source "ChessBase"]
[SourceDate "2023.10.10"]
[SourceVersion "1"]
[SourceVersionDate "2023.10.10"]
[SourceQuality "1"]
[WhiteTeam "Jaime Casas"]
[BlackTeam "Casablanca MyInvestor"]
[WhiteTeamCountry "ESP"]
[BlackTeamCountry "ESP"]

1. e4 e5 2. Nf3 Nc6 3. Nc3 Nf6 4. d4 exd4 5. Nd5 Nb4 6. Nxf6+ Qxf6 7. Bc4 Bc5 8. 0-0 0-0 9. e5 Qg6 10. a3 Nc6 11. b4 Bb6 12. b5 Ne7 13. Bd3 Qh5 14. Re1 d5 15. exd6 Ng6 16. h3 cxd6 17. Bb2 Nf4 18. a4 Nxg2 19. Re4 Bf5 20. a5 Bc5 21. Nxd4 Qxd1+ 22. Rxd1 Bxe4 23. Bxe4 Nf4 24. Bxb7 Rab8 25. a6 Rbe8 26. Kf1 Nxh3 27. Nf5 Nxf2 28. Rd2 Ng4 29. Rg2 h5 30. Bxg7 Re6 31. Bd5 Rfe8 32. Bc3 Kh7 33. Rg3 Re5 0-1

[Event "Aragon-chT Honor Gr I"]
[Site "Aragon"]
[Date "2021.04.10"]
[Round "4.6"]
[White "Antoli Royo, Joaquin Miguel"]
[Black "Palacios Herrero, Pablo"]
[Result "0-1"]
[WhiteElo "2423"]
[BlackElo "2243"]
[PlyCount "56"]
[EventDate "2021.03.13"]
[EventType "team-tourn"]
[EventRounds "7"]
[EventCountry "ESP"]
[SourceTitle "EXT 2024"]
[Source "ChessBase"]
[SourceDate "2023.10.10"]
[SourceVersion "1"]
[SourceVersionDate "2023.10.10"]
[SourceQuality "1"]
[WhiteTeam "Jaime Casas"]
[BlackTeam "Palacio de Pioneros"]
[WhiteTeamCountry "ESP"]
[BlackTeamCountry "ESP"]

1. e4 e6 2. d4 d5 3. Nd2 c5 4. Ngf3 cxd4 5. Nxd4 Nf6 6. e5 Nfd7 7. N2f3 Nc6 8. Bf4 Qb6 9. c3 Be7 10. Bd3 Nc5 11. 0-0 Nxd4 12. Nxd4 0-0 13. Rb1 f5 14. exf6 Bxf6 15. Nf3 Bd7 16. Bc2 Bb5 17. Re1 Qa6 18. Re3 Ne4 19. Ne5 Bh4 20. Bxe4 Rxf4 21. Bf3 Be7 22. Be2 Bxe2 23. Qxe2 Qxa2 24. Re1 Bc5 25. Rf3 Re4 26. Qd1 Qb3 27. Nd3 Qxd1 28. Rxd1 Bd6 0-1

[Event "ESP-chT CECLUB Honor"]
[Site "Linares"]
[Date "2020.09.24"]
[Round "2.3"]
[White "Antoli Royo, Joaquin Miguel"]
[Black "Garcia Martin, Marta"]
[Result "0-1"]
[WhiteElo "2429"]
[BlackElo "2328"]
[PlyCount "64"]
[EventDate "2020.09.23"]
[EventType "team-tourn"]
[EventRounds "7"]
[EventCountry "ESP"]
[SourceTitle "CBM 198 Extra"]
[Source "ChessBase"]
[SourceDate "2020.11.30"]
[SourceVersion "1"]
[SourceVersionDate "2020.11.30"]
[SourceQuality "1"]
[WhiteTeam "Jaime Casas"]
[BlackTeam "Paterna Andreu"]
[WhiteTeamCountry "ESP"]
[BlackTeamCountry "ESP"]

1. Nf3 Nf6 2. d4 b6 3. e3 Bb7 4. Bd3 e6 5. 0-0 d5 6. b3 Bd6 7. Bb2 0-0 8. Nbd2 c5 9. Ne5 Nc6 10. f4 Rc8 11. a3 Ne7 12. Qf3 b5 13. dxc5 Bxc5 14. b4 Bb6 15. Rae1 Nf5 16. Ng4 Ne4 17. Nxe4 dxe4 18. Bxe4 Bxe4 19. Qxe4 Qd5 20. Qxd5 exd5 21. Re2 h5 22. Ne5 Nxe3 23. Rb1 Nc4+ 24. Kf1 Rfe8 25. g3 Ne3+ 26. Ke1 Re7 27. Nf3 Rce8 28. Ng1 Re4 29. Be5 f6 30. Bd6 Nxc2+ 31. Kd2 Nxa3 32. Rbe1 Nc4+ 0-1

[Event "Aragon-chT Honor Titulo"]
[Site "Aragon"]
[Date "2020.07.04"]
[Round "10.3"]
[White "Quintin Navarro, Alberto"]
[Black "Antoli Royo, Joaquin Miguel"]
[Result "1-0"]
[WhiteElo "2378"]
[BlackElo "2435"]
[PlyCount "57"]
[EventDate "2020.06.27"]
[EventType "team-tourn"]
[EventRounds "10"]
[EventCountry "ESP"]
[SourceTitle "EXT 2024"]
[Source "ChessBase"]
[SourceDate "2023.10.10"]
[SourceVersion "1"]
[SourceVersionDate "2023.10.10"]
[SourceQuality "1"]
[WhiteTeam "St Casablanca"]
[BlackTeam "Jaime Casas"]
[WhiteTeamCountry "ESP"]
[BlackTeamCountry "ESP"]

1. c4 c5 2. Nc3 Nc6 3. Nf3 e5 4. e3 Nf6 5. Be2 d5 6. cxd5 Nxd5 7. 0-0 Be7 8. Qc2 0-0 9. b3 Bg4 10. Bb2 Ndb4 11. Qb1 f5 12. a3 e4 13. axb4 exf3 14. gxf3 Bh3 15. bxc5 Bf6 16. Qd3 Qe8 17. Kh1 Kh8 18. Qc4 Rd8 19. d4 Nxd4 20. exd4 Rxd4 21. Qb5 Qh5 22. f4 Qh4 23. Na4 Rxf4 24. Qxb7 Re4 25. Bf3 Qf4 26. Bxe4 fxe4 27. f3 Bxb2 28. Nxb2 exf3 29. Rf2 1-0

[Event "Aragon-chT Honor Titulo"]
[Site "Aragon"]
[Date "2019.03.16"]
[Round "8.2"]
[White "Antoli Royo, Joaquin Miguel"]
[Black "Calvo Simon, Jorge"]
[Result "1-0"]
[WhiteElo "2438"]
[BlackElo "2192"]
[PlyCount "67"]
[EventDate "2019.03.16"]
[EventType "team-tourn"]
[EventRounds "10"]
[EventCountry "ESP"]
[SourceTitle "EXT 2020"]
[Source "ChessBase"]
[SourceDate "2019.10.17"]
[SourceVersion "1"]
[SourceVersionDate "2019.10.17"]
[SourceQuality "1"]
[WhiteTeam "Jaime Casas"]
[BlackTeam "Helios"]
[WhiteTeamCountry "ESP"]
[BlackTeamCountry "ESP"]

1. d4 Nf6 2. Nf3 g6 3. Nc3 d5 4. Bf4 Bg7 5. Qd2 c5 6. dxc5 Qa5 7. e4 Qxc5 8. Be3 Qb4 9. a3 Qxb2 10. Ra2 Nxe4 11. Rxb2 Bxc3 12. Qxc3 Nxc3 13. Bd4 0-0 14. Bxc3 Nc6 15. Bb5 Bd7 16. 0-0 Rac8 17. Re1 Rfe8 18. Ne5 Nxe5 19. Bxe5 Bxb5 20. Rxb5 f6 21. Bd4 b6 22. Rxd5 Red8 23. Rxd8+ Rxd8 24. Be3 Rc8 25. Re2 Kf7 26. f4 Rc3 27. Bc1 b5 28. Kf2 a5 29. Bb2 Rc4 30. Ke3 Ke6 31. Kd3+ Kd6 32. Re4 Rc7 33. Bc3 Ra7 34. g4 1-0

[Event "Aragon-chT Honor Gr-A"]
[Site "Aragon"]
[Date "2019.02.23"]
[Round "5.2"]
[White "Antoli Royo, Joaquin Miguel"]
[Black "Lacruz Algarate, Alvaro"]
[Result "1-0"]
[WhiteElo "2438"]
[BlackElo "2144"]
[PlyCount "31"]
[EventDate "2019.01.26"]
[EventType "team-tourn"]
[EventRounds "7"]
[EventCountry "ESP"]
[SourceTitle "EXT 2020"]
[Source "ChessBase"]
[SourceDate "2019.10.17"]
[SourceVersion "1"]
[SourceVersionDate "2019.10.17"]
[SourceQuality "1"]
[WhiteTeam "Jaime Casas"]
[BlackTeam "Agrupacion"]
[WhiteTeamCountry "ESP"]
[BlackTeamCountry "ESP"]

1. e4 c5 2. Nf3 e6 3. g3 Nc6 4. Bg2 Be7 5. 0-0 d5 6. exd5 Qxd5 7. d4 Nxd4 8. Nxd4 Qxd4 9. Qe2 Nf6 10. Na3 0-0 11. Bf4 Qxb2 12. Nb5 Bd7 13. a4 a6 14. Rab1 Qa2 15. Nc3 Qa3 16. Rb3 1-0

[Event "Aragon-chT Honor Gr-A"]
[Site "Aragon"]
[Date "2019.02.02"]
[Round "2.2"]
[White "Antoli Royo, Joaquin Miguel"]
[Black "Ramo Frontinan, Cristobal"]
[Result "1/2-1/2"]
[WhiteElo "2438"]
[BlackElo "2328"]
[PlyCount "97"]
[EventDate "2019.01.26"]
[EventType "team-tourn"]
[EventRounds "7"]
[EventCountry "ESP"]
[SourceTitle "EXT 2020"]
[Source "ChessBase"]
[SourceDate "2019.10.17"]
[SourceVersion "1"]
[SourceVersionDate "2019.10.17"]
[SourceQuality "1"]
[WhiteTeam "Jaime Casas"]
[BlackTeam "El Olivar"]
[WhiteTeamCountry "ESP"]
[BlackTeamCountry "ESP"]

1. e4 e5 2. Nf3 Nf6 3. Nxe5 d6 4. Nf3 Nxe4 5. c4 Be7 6. d4 0-0 7. Bd3 d5 8. 0-0 Nf6 9. Nc3 Nc6 10. cxd5 Nb4 11. Bb1 Bg4 12. a3 Nbxd5 13. Qd3 Nxc3 14. bxc3 Bxf3 15. Qxf3 Qd5 16. Qd3 Rad8 17. Ba2 Qh5 18. h3 Bd6 19. a4 Rfe8 20. Rb1 b6 21. Bc4 c6 22. Bb3 Nd5 23. Bc2 g6 24. Bd1 Qh4 25. Qf3 Qe4 26. Qxe4 Rxe4 27. Rb3 Re6 28. Bf3 Be7 29. Bd2 f5 30. Rbb1 Bf6 31. Rfd1 Kg7 32. Kf1 h5 33. Be1 h4 34. c4 Nf4 35. d5 cxd5 36. cxd5 Red6 37. Bb4 R6d7 38. d6 Rc8 39. Rbc1 Rxc1 40. Rxc1 Be5 41. Rd1 Kf6 42. Bc6 Rd8 43. d7 Ne6 44. a5 Nd4 45. Ba4 b5 46. Bc5 bxa4 47. Bxd4 Bxd4 48. Rxd4 a3 49. Ra4 1/2-1/2

[Event "Bratislava Slovan op"]
[Site "Bratislava"]
[Date "2018.05.03"]
[Round "9"]
[White "Antoli Royo, Joaquin Miguel"]
[Black "Smolka, Marcin"]
[Result "1-0"]
[WhiteElo "2454"]
[BlackElo "2178"]
[PlyCount "59"]
[EventDate "2018.04.27"]
[EventType "swiss"]
[EventRounds "9"]
[EventCountry "SVK"]
[SourceTitle "EXT 2023"]
[Source "ChessBase"]
[SourceDate "2022.10.05"]
[SourceVersion "1"]
[SourceVersionDate "2022.10.05"]
[SourceQuality "1"]

1. d4 d5 2. c4 e6 3. Nc3 c6 4. e4 dxe4 5. Nxe4 Bb4+ 6. Bd2 Bxd2+ 7. Qxd2 Nf6 8. Nxf6+ Qxf6 9. Nf3 0-0 10. Bd3 h6 11. 0-0-0 Rd8 12. Qe3 Nd7 13. g4 b5 14. c5 Bb7 15. Rhg1 Nf8 16. g5 hxg5 17. Rxg5 Rd5 18. Ne5 Rad8 19. Rdg1 g6 20. R5g4 Bc8 21. h4 Qg7 22. h5 Bd7 23. Nxg6 fxg6 24. Bxg6 Kh8 25. Bc2 Qf7 26. Qh6+ Nh7 27. Rg7 Rxh5 28. Rxh7+ Qxh7 29. Qf6+ Qg7 30. Qxg7# 1-0

[Event "Bratislava Slovan op"]
[Site "Bratislava"]
[Date "2018.04.28"]
[Round "2"]
[White "Kolman, Richard"]
[Black "Antoli Royo, Joaquin Miguel"]
[Result "0-1"]
[WhiteElo "2004"]
[BlackElo "2454"]
[PlyCount "92"]
[EventDate "2018.04.27"]
[EventType "swiss"]
[EventRounds "9"]
[EventCountry "SVK"]
[SourceTitle "EXT 2023"]
[Source "ChessBase"]
[SourceDate "2022.10.05"]
[SourceVersion "1"]
[SourceVersionDate "2022.10.05"]
[SourceQuality "1"]

1. d4 Nf6 2. Nf3 c5 3. c3 b6 4. Bf4 Bb7 5. e3 g6 6. Bd3 Bg7 7. Nbd2 d5 8. 0-0 0-0 9. h3 Nbd7 10. Re1 Re8 11. Ne5 a6 12. Ndf3 Ne4 13. Nxf7 Kxf7 14. Bxe4 dxe4 15. Ng5+ Kg8 16. Qb3+ e6 17. Nxe6 Qc8 18. Nc7+ Kh8 19. Nxe8 Qxe8 20. dxc5 Nxc5 21. Qxb6 Qc8 22. Red1 Nd3 23. Rd2 a5 24. Rad1 Ra6 25. Qc7 Qxc7 26. Bxc7 a4 27. a3 Bh6 28. Bf4 g5 29. Bg3 Rb6 30. Kh2 Bf8 31. Rxd3 exd3 32. Be5+ Kg8 33. c4 Rb3 34. Bc3 Rxc3 35. bxc3 Bxa3 36. Rxd3 Bc6 37. Rd8+ Kf7 38. Rc8 Bd7 39. Ra8 Bb2 40. f4 h6 41. g4 a3 42. Kg3 Ke7 43. h4 gxh4+ 44. Kxh4 Kd6 45. e4 Kc5 46. e5 Bc6 0-1

[Event "Bratislava Slovan op"]
[Site "Bratislava"]
[Date "2018.04.27"]
[Round "1"]
[White "Antoli Royo, Joaquin Miguel"]
[Black "Kebis, Milos"]
[Result "1-0"]
[WhiteElo "2454"]
[BlackElo "1825"]
[PlyCount "81"]
[EventDate "2018.04.27"]
[EventType "swiss"]
[EventRounds "9"]
[EventCountry "SVK"]
[SourceTitle "EXT 2023"]
[Source "ChessBase"]
[SourceDate "2022.10.05"]
[SourceVersion "1"]
[SourceVersionDate "2022.10.05"]
[SourceQuality "1"]

1. e4 c6 2. c4 d6 3. d4 Nf6 4. Nc3 e6 5. Nf3 Be7 6. Bd3 Nbd7 7. 0-0 e5 8. d5 0-0 9. h3 Re8 10. Be3 Nf8 11. c5 Bd7 12. Bc4 cxd5 13. exd5 a6 14. Qb3 Rb8 15. Rfd1 Ng6 16. Ng5 Bf8 17. Ne6 fxe6 18. dxe6 Kh8 19. exd7 Qxd7 20. cxd6 Nf4 21. Rd2 b5 22. Bf1 b4 23. Na4 Ne4 24. Rdd1 Nxd6 25. Nc5 Qf5 26. Nxa6 Rbc8 27. Nxb4 Qg6 28. Bxf4 exf4 29. Qf3 Nf5 30. Nd5 Bd6 31. Bd3 Nh4 32. Bxg6 Nxf3+ 33. gxf3 hxg6 34. Rd2 Re6 35. b4 Kg8 36. a4 Kf7 37. a5 Be5 38. Raa2 Rd6 39. a6 Ke6 40. a7 Ra8 41. Nc7+ 1-0

[Event "Andorra op 34th"]
[Site "Escaldes"]
[Date "2016.08.10"]
[Round "8"]
[White "Antoli Royo, Joaquin Miguel"]
[Black "Bekker Jensen, Simon"]
[Result "1/2-1/2"]
[WhiteElo "2432"]
[BlackElo "2456"]
[PlyCount "48"]
[EventDate "2016.08.03"]
[EventType "swiss"]
[EventRounds "9"]
[EventCountry "AND"]
[SourceTitle "CBM 173 Extra"]
[Source "ChessBase"]
[SourceDate "2016.08.29"]
[SourceVersion "1"]
[SourceVersionDate "2016.08.29"]
[SourceQuality "1"]

1. e4 c5 2. c3 d5 3. exd5 Qxd5 4. d4 Nc6 5. Nf3 Bf5 6. Be2 e6 7. 0-0 cxd4 8. Nxd4 Bc5 9. Nxf5 Qxf5 10. Bd3 Qd5 11. Qe2 Nf6 12. b4 Bb6 13. Nd2 0-0-0 14. Bc2 Qe5 15. Ne4 Nxe4 16. Bxe4 Bc7 17. g3 f5 18. Bf3 Qxe2 19. Bxe2 Be5 20. Bg5 Bxc3 21. Rac1 Bd2 22. b5 Bxg5 23. f4 Rd2 24. Rfe1 Bd8 1/2-1/2

[Event "Andorra op 34th"]
[Site "Escaldes"]
[Date "2016.08.09"]
[Round "7"]
[White "Vovk, Andrey"]
[Black "Antoli Royo, Joaquin Miguel"]
[Result "1-0"]
[WhiteElo "2637"]
[BlackElo "2432"]
[PlyCount "59"]
[EventDate "2016.08.03"]
[EventType "swiss"]
[EventRounds "9"]
[EventCountry "AND"]
[SourceTitle "CBM 173 Extra"]
[Source "ChessBase"]
[SourceDate "2016.08.29"]
[SourceVersion "1"]
[SourceVersionDate "2016.08.29"]
[SourceQuality "1"]

1. e4 e5 2. Nf3 Nc6 3. Bc4 Bc5 4. c3 Nf6 5. d4 exd4 6. e5 d5 7. Be2 Ne4 8. cxd4 Bb6 9. Nc3 0-0 10. 0-0 Be6 11. Na4 f6 12. exf6 Qxf6 13. Be3 Bg4 14. Qb3 Ne7 15. Rac1 Rac8 16. Rc2 Bxf3 17. Bxf3 Qg6 18. Be2 Kh8 19. f3 Nd6 20. Bf2 c6 21. Bd3 Qg5 22. Nxb6 axb6 23. Re2 Ng6 24. Bxg6 Qxg6 25. Rfe1 Nc4 26. Qb4 c5 27. dxc5 bxc5 28. Bxc5 Rfe8 29. Qxb7 Nd2 30. Rxe8+ 1-0

[Event "Andorra op 34th"]
[Site "Escaldes"]
[Date "2016.08.03"]
[Round "1"]
[White "Sevenyuk, Alexey"]
[Black "Antoli Royo, Joaquin Miguel"]
[Result "0-1"]
[WhiteElo "1903"]
[BlackElo "2432"]
[PlyCount "86"]
[EventDate "2016.08.03"]
[EventType "swiss"]
[EventRounds "9"]
[EventCountry "AND"]
[SourceTitle "CBM 173 Extra"]
[Source "ChessBase"]
[SourceDate "2016.08.29"]
[SourceVersion "1"]
[SourceVersionDate "2016.08.29"]
[SourceQuality "1"]

1. e4 c5 2. Nc3 a6 3. a4 e6 4. g3 d5 5. exd5 exd5 6. Bg2 Nf6 7. d3 d4 8. Ne4 Nxe4 9. Bxe4 Bd6 10. Qh5 Nd7 11. Ne2 Nf6 12. Qh4 h6 13. 0-0 0-0 14. Bf4 Be7 15. Be5 Ng4 16. Qh5 f5 17. Bxg7 Kxg7 18. Bg2 Bd6 19. h3 Qe8 20. Nf4 Bxf4 21. Qxe8 Rxe8 22. gxf4 Nf6 23. Rae1 Bd7 24. Bxb7 Ra7 25. Bf3 Bxa4 26. b3 Bb5 27. Re5 Rxe5 28. fxe5 Nd7 29. Re1 Nf8 30. Bd5 Rd7 31. Bc4 Bxc4 32. dxc4 Ra7 33. Kg2 a5 34. Kg3 Ne6 35. f4 a4 36. bxa4 Rxa4 37. Rb1 Rxc4 38. Rb7+ Kf8 39. Rb8+ Ke7 40. Rb7+ Kd8 41. Rb8+ Kc7 42. Rg8 Rc3+ 43. Kf2 Rxc2+ 0-1

[Event "Lorca op 4th"]
[Site "Lorca"]
[Date "2015.12.27"]
[Round "3"]
[White "Antoli Royo, Joaquin Miguel"]
[Black "Mingarro Carceller, Sergi"]
[Result "1-0"]
[WhiteElo "2449"]
[BlackElo "2305"]
[PlyCount "41"]
[EventDate "2015.12.26"]
[EventType "swiss"]
[EventRounds "9"]
[EventCountry "ESP"]
[SourceTitle "CBM 170 Extra"]
[Source "ChessBase"]
[SourceDate "2016.02.25"]
[SourceVersion "1"]
[SourceVersionDate "2016.02.25"]
[SourceQuality "1"]

1. d4 f5 2. Bg5 g6 3. e3 Bg7 4. Nc3 d6 5. Nh3 Nf6 6. Nf4 c6 7. Bc4 e5 8. dxe5 dxe5 9. Qxd8+ Kxd8 10. 0-0-0+ Ke8 11. Rd6 Ke7 12. Rxf6 Bxf6 13. Nfd5+ cxd5 14. Nxd5+ Kd6 15. Bxf6 Re8 16. Rd1 Nd7 17. Bg5 Kc5 18. Nc7 Kxc4 19. Nxe8 Nb6 20. Nc7 Rb8 21. Be7 1-0

[Event "Lorca op 4th"]
[Site "Lorca"]
[Date "2015.12.27"]
[Round "2"]
[White "Castellanos Gomez, Alejandro"]
[Black "Antoli Royo, Joaquin Miguel"]
[Result "0-1"]
[WhiteElo "2141"]
[BlackElo "2449"]
[PlyCount "66"]
[EventDate "2015.12.26"]
[EventType "swiss"]
[EventRounds "9"]
[EventCountry "ESP"]
[SourceTitle "CBM 170 Extra"]
[Source "ChessBase"]
[SourceDate "2016.02.25"]
[SourceVersion "1"]
[SourceVersionDate "2016.02.25"]
[SourceQuality "1"]

1. d4 Nf6 2. Nf3 d6 3. Bf4 g6 4. e3 Bg7 5. Be2 0-0 6. 0-0 Nc6 7. c3 Qe8 8. h3 e5 9. dxe5 dxe5 10. Bh2 Bf5 11. Bb5 Ne4 12. Qa4 Nd6 13. Bxc6 bxc6 14. Nbd2 Bd3 15. Rfd1 e4 16. Ne1 Be2 17. Rdb1 f5 18. Nb3 Bb5 19. Qa3 g5 20. Nd4 f4 21. Nxb5 cxb5 22. Qc5 Rf5 23. Qxc7 Be5 24. Qc5 Qf7 25. Nc2 Rc8 26. Qb4 Nc4 27. exf4 gxf4 28. Re1 Rg5 29. Kh1 f3 30. g3 Qd7 31. h4 a5 32. Qb3 Qh3 33. Rg1 Rh5 0-1

[Event "ESP-chT CECLUB Div1"]
[Site "Linares"]
[Date "2015.08.14"]
[Round "7.4"]
[White "Antoli Royo, Joaquin Miguel"]
[Black "Gutierrez Valero, Mario"]
[Result "1-0"]
[WhiteElo "2440"]
[BlackElo "2271"]
[PlyCount "71"]
[EventDate "2015.08.08"]
[EventType "team-tourn"]
[EventRounds "7"]
[EventCountry "ESP"]
[SourceTitle "EXT 2017"]
[Source "ChessBase"]
[SourceDate "2016.10.25"]
[SourceVersion "1"]
[SourceVersionDate "2016.10.25"]
[SourceQuality "1"]
[WhiteTeam "Casas Jaime"]
[BlackTeam "Espartinas Alekhine"]
[WhiteTeamCountry "ESP"]
[BlackTeamCountry "ESP"]

1. e4 c5 2. Nf3 Nc6 3. c3 d5 4. exd5 Qxd5 5. d4 Bg4 6. Be2 cxd4 7. cxd4 e6 8. Nc3 Bb4 9. 0-0 Qa5 10. a3 Bxc3 11. bxc3 Nge7 12. Rb1 Qc7 13. Qb3 b6 14. Qb5 0-0 15. Qg5 Bxf3 16. Bxf3 Rac8 17. Re1 Rfd8 18. Be4 Nd5 19. Bd2 Qd6 20. Qh4 f5 21. Bd3 Na5 22. Ba6 Rb8 23. c4 Nc7 24. d5 e5 25. Bb5 Nxb5 26. Rxb5 Nb7 27. Bb4 Qc7 28. Bc3 Re8 29. Rbb1 Nc5 30. Rbd1 Ne4 31. d6 Qd7 32. Ba1 Rbd8 33. f3 Nxd6 34. Rxe5 Qc7 35. Qg3 g6 36. Rxd6 1-0